000 00805nam a2200241 a 4500
001 000021369
005 20240515123645.0
008 100906s1990 ag r 000 | spa d
020 _a9509113610
040 _aDO-SdBNP
_bspa
_cBNPHU
082 _a303.6
_bS731c
100 1 _aSowell, Thomas
_d1930-
_944621
245 1 0 _aConflicto de visiones :
_borígenes ideológicos de las luchas políticas /
_cThomas Sowell; traducción, Carlos Gardini.
260 _aBuenos Aires :
_bGedisa,
_c1990.
300 _a236 p. ;
_c19 cm.
490 1 _aGrupo Ciencias Sociales
500 _aIncluye índice temático y notas
650 4 _aConflictos políticos
_933687
650 0 _aSociología política
_92483
700 1 _aGardini, Carlos
_etr.
_912983
830 0 _aGrupo Ciencias Sociales
_944622
049 _aBNGR
999 _c20869
_d20869